The Anatomy of the New Poland : (Record no. 615405)

MARC details
000 -LEADER
fixed length control field 00519nam a2200193 a 4500
008 - FIXED-LENGTH DATA ELEMENTS--GENERAL INFORMATION
fixed length control field 260221s1994##################000#0#eng##
020 ## - INTERNATIONAL STANDARD BOOK NUMBER
ISBN 9781852789244
082 04 - DEWEY DECIMAL CLASSIFICATION NUMBER
Classification number 320.9438
Item number MIL
100 1# - MAIN ENTRY--AUTHOR NAME
Personal name Millard, Frances,
245 10 - TITLE STATEMENT
Title The Anatomy of the New Poland :
260 ## - PUBLICATION, DISTRIBUTION, ETC. (IMPRINT)
Name of publisher Edward Elgar Publishing,
Year of publication 1994.
300 ## - PHYSICAL DESCRIPTION
Number of Pages 280 pages
650 #0 - SUBJECT ADDED ENTRY--TOPICAL TERM
Topical Term Political Science.
942 ## - ADDED ENTRY ELEMENTS (KOHA)
Koha item type English Books
Holdings
Withdrawn status Lost status Damaged status Not for loan Home library Current library Shelving location Date acquired Full call number Accession Number Price effective from Koha item type
        Anna Centenary Library Anna Centenary Library 3RD FLOOR, B WING 21.02.2026 320.9438 MIL 344513 21.02.2026 English Books

Find us on the map